000 00207nam a22000977a 4500
003 SGT
245 _aJournal of Periodontology
260 _bWiley Publisher
_c2022
300 _a1-932,933-1973
942 _2ddc
_cBV
999 _c30401
_d30401